| 000 | 00464nam a2200181Ia 4500 | ||
|---|---|---|---|
| 005 | 20250423094434.0 | ||
| 008 | 250422s9999 xx 000 0 und d | ||
| 020 | _a0801615976 | ||
| 050 | _aR 895 .F55/ | ||
| 100 | _aFlitter, Hessel Howard | ||
| 245 | 3 | _aAn introduction to physics in nursing | |
| 260 | _aSaint Louis | ||
| 260 | _bMosby | ||
| 260 | _c1976 | ||
| 300 | _a288 p | ||
| 650 | _aMedical physics. Nursing. Physics --Nursing texts. | ||
| 942 | _cBK | ||
| 999 |
_c27240 _d27240 |
||